Todos os presidenciáveis pelo PSDB na história. - Statistics

Estatísticas Gerais
  • Esse quiz foi jogado 59 vezes
  • A pontuação média é 9 de 10
Estatísticas das Respostas
Resposta Dica % Correto
Fernando Henrique Cardoso Plano Real
96%
Fernando Henrique Cardoso Plano Real
96%
Geraldo Alckmin Merenda!
96%
Geraldo Alckmin Merenda!
96%
Aécio Neves Sou neto do Tancredo e fui governador de MG durante 2 mandatos.
94%
José Serra Eu como as pessoas!
92%
José Serra Eu como as pessoas!
92%
João Dória Eu fui o pré-candidato a presidência pelo PSDB, mas renunciei a candidatura para apoiar uma candidata do MDB cujo pai foi vice-governador do MS. Ela é senadora. Fui eleito prefeito de SP em 2016, renunciei em 2018 e assumiu o Bruno Covas. Em 2018 fui eleito governador de SP. Em 2021 renunciei para ser pré-candidato.
90%
Mário Covas Fui governador de SP por 2 mandatos pelo PSDB
85%
Simone Tebet Fui apoiada pelo PSDB e o Cidadania [PPS] que formaram uma coligação e resolveram me apoiar. Sou do MDB. Fiquei em terceira.
85%
Nenhum quiz correspondente encontrado
Distribuição das Pontuações
Porcentagem de Pessoas com Cada Pontuação
Percentil de Números Respondidos
Sua Pontuação Histórica
Você não jogou esse quiz